| 000 | 00796nam a22002537a 4500 | ||
|---|---|---|---|
| 003 | OSt | ||
| 005 | 20220107122845.0 | ||
| 008 | 180905b xxu||||| |||| 00| 0 eng d | ||
| 020 | _a9781787127524 | ||
| 040 | _cIIITMK | ||
| 082 | _a005.133R BAL/L | ||
| 100 |
_aBali, Raghav _914782 |
||
| 245 |
_aLearning social media analytics with R: _bTransform data from social media platforms into actionable insights _cRaghav Bali |
||
| 260 |
_aBirmingham, _bPackt Publishing, _c2017. |
||
| 300 | _axiv, 369p. | ||
| 650 |
_aCOMPUTER SCIENCE _914870 |
||
| 650 |
_aPROGRAMMING LANGUAGE _914871 |
||
| 650 |
_aR LANGUAGE _914872 |
||
| 650 |
_aSOCIAL MEDIA ANALYTICS _914873 |
||
| 650 |
_aDATA ANALYTICS _916641 |
||
| 700 |
_aSarkar, Dipanjan _914783 |
||
| 700 |
_aSharma, Tushar _914784 |
||
| 942 |
_2ddc _cBK |
||
| 999 |
_c6220 _d6220 |
||